000 00376nam a2200145Ia 4500
008 220805s9999 xx 000 0 und d
020 _a9 781864701159
041 _aeng
082 _a725.21
100 _aEd. Boekel, Andrea
_987805
260 _aAustrallia
_bThe Images publishing group
_c2007
245 _aRetail therapy ; Store Design Today
250 _a1
300 _a224
999 _c48337
_d48337